Lange flash cards : (Record no. 10277)

MARC details
000 -LEADER
fixed length control field 00820nam a22002412 4500
001 - CONTROL NUMBER
control field 0000024433
005 - DATE AND TIME OF LATEST TRANSACTION
control field 20151217152302.0
008 - FIXED-LENGTH DATA ELEMENTS--GENERAL INFORMATION
fixed length control field 130925s xx 000 0 eng d
020 ## - INTERNATIONAL STANDARD BOOK NUMBER
International Standard Book Number 0071628792 :
040 ## - CATALOGING SOURCE
Original cataloging agency KABU
Transcribing agency KABU
100 1# - MAIN ENTRY--PERSONAL NAME
Personal name Somers, Kenneth D.
-- 0000184549
245 10 - TITLE STATEMENT
Title Lange flash cards :
Remainder of title Microbiology & infectious diseases /
Statement of responsibility, etc. Kenneth D. Somers, Stephen A. Morse.
250 ## - EDITION STATEMENT
Edition statement 2nd ed.
260 ## - PUBLICATION, DISTRIBUTION, ETC. (IMPRINT)
Place of publication, distribution, etc. New York :
Name of publisher, distributor, etc. McGraw-Hill Medical,
Date of publication, distribution, etc. 2010.
300 ## - PHYSICAL DESCRIPTION
Extent cards (various pagings) ;
650 #0 - SUBJECT ADDED ENTRY--TOPICAL TERM
Topical term or geographic name as entry element Communicable diseases.
-- 0000184412
650 #0 - SUBJECT ADDED ENTRY--TOPICAL TERM
Topical term or geographic name as entry element Microbiology.
-- 0000155702
700 1# - ADDED ENTRY--PERSONAL NAME
Personal name Morse, Stephen A.
-- 0000184550
852 1# - LOCATION
-- p2960 KES
852 1# - LOCATION
-- p2960 KES
908 ## - PUT COMMAND PARAMETER (RLIN)
Put command parameter 130925
950 ## - LOCAL HOLDINGS (RLIN)
-- 1
Holdings
Withdrawn status Lost status Source of classification or shelving scheme Not for loan Home library Current library Date acquired Total Checkouts Full call number Barcode Date last seen Price effective from Koha item type
    Library of Congress Classification   Kabarak, Main Campus Kabarak, Main Campus 17/12/2015   RC111 .S66 2010 c. 1 016169 17/12/2015 17/12/2015 General Collection
    Library of Congress Classification   Kabarak, Main Campus Kabarak, Main Campus 17/12/2015   RC111 .S66 2010 c. 2 016170 17/12/2015 17/12/2015 General Collection
Designed with assistance from East African Informatics Ltd